00706nam a2200193 a 450000100100000000500170001000800410002704000250006808200130009310000400010624500460014626000530019230000210024549000390026650400330030583000460033895201110038499900170049500004318520201002040714.0140221s1971 sp 000 p spa d aDO-SdBNPbspacBNPHU axxxbxxx1 aCelaya, Gabriel,d1911-1991.92470810aCien poemas de un amor /cGabriel Celaya. aEsplugas de Llobregat :bPlaza & Janés,c1971. a176 p. ;c19 cm.1 aSelecciones de poesía española aBibliografía : p. 175- 176 0aSelecciones de poesía española969282 001050718MOaGRbGRcCTd2014-02-21iLF1l0oxxx xxxp43185-10r2020-06-25w2020-06-25y1ZNo se presta c42674d42674